000 00410nam a2200157Ia 4500
008 230312s9999||||xx |||||||||||||| ||und||
020 _a0-201-489484-1
082 _a005
_bMAG
100 _aMagic General
245 0 _aMagic Cap Complete
260 _bAddidon Wesley
_aNew York
_c1991
300 _a584
546 _aEng.
650 _aComputer
_vAll About Magic Cap , , Basics of Using Magic Cap
942 _cBK
999 _c3553
_d3553